[Event "Montreal op"]
[Site "Montreal CAN"]
[Date "2001.09.03"]
[Round "5"]
[White "Ramaswamy, Kishor"]
[Black "Lawson, Eric"]
[Result "0-1"]
[WhiteElo "1972"]
[BlackElo "2208"]
[PlyCount "150"]
[EventDate "2001.09.01"]
[EventType "swiss"]
[EventRounds "6"]
[EventCountry "CAN"]

1. d4 g6 2. c4 Bg7 3. Nc3 d6 4. e4 Nf6 5. Be2 Nbd7 6. Bg5 c5 7. d5 h6 8. Be3 a6
9. Qd2 Qc7 10. f3 Qb8 11. g4 Kf8 12. h4 Ne8 13. f4 b5 14. cxb5 axb5 15. h5 b4
16. Nd1 Ndf6 17. Nf2 gxh5 18. gxh5 e6 19. Bf3 Ba6 20. e5 Nxd5 21. Bxd5 exd5 22.
Qxd5 Qb7 23. Qxb7 Bxb7 24. exd6 Nxd6 25. Rh2 Bxb2 26. Rd1 Bc3+ 27. Kf1 c4 28.
Bc5 Ke7 29. Ne2 Rad8 30. Bxd6+ Rxd6 31. Rxd6 Kxd6 32. Nxc3 bxc3 33. Nd1 c2 34.
Rxc2 Be4 35. Rc3 Kd5 36. Ke2 Kd4 37. Kd2 Rg8 38. Ne3 Bd3 39. Ra3 Rb8 40. Nc2+
Ke4 41. Ne1 Rb2+ 42. Kc1 Rh2 43. Nxd3 cxd3 44. Ra7 f5 45. a4 Kxf4 46. a5 Ra2
47. Rg7 Ke3 48. Re7+ Kf3 49. Re6 Rxa5 50. Rxh6 f4 51. Kd2 Rd5 52. Rh8 Ke4 53.
h6 Rh5 54. Re8+ Kf3 55. Rh8 Kf2 56. h7 f3 57. Kxd3 Rd5+ 58. Kc2 Rd7 59. Kc3 Re7
60. Kd3 Re3+ 61. Kc2 Re7 62. Kd3 Rc7 63. Rf8 Rxh7 64. Kd2 Rd7+ 65. Kc1 Ke2 66.
Re8+ Kf1 67. Rf8 f2 68. Kc2 Rg7 69. Kd2 Kg1 70. Ke2 Re7+ 71. Kd2 f1=Q 72. Rg8+
Qg2+ 73. Rxg2+ Kxg2 74. Kd3 Kf3 75. Kd4 Re3 0-1

[Event "Montreal op"]
[Site "Montreal CAN"]
[Date "2001.09.03"]
[Round "6"]
[White "Lawson, Eric"]
[Black "Gilman, Arkadiy"]
[Result "1/2-1/2"]
[WhiteElo "2208"]
[BlackElo "2062"]
[PlyCount "83"]
[EventDate "2001.09.01"]
[EventType "swiss"]
[EventRounds "6"]
[EventCountry "CAN"]

1. e4 e6 2. d4 d5 3. Nd2 Nf6 4. e5 Nfd7 5. f4 c5 6. c3 Nc6 7. Ndf3 cxd4 8. cxd4
a5 9. Bd3 Nb6 10. Ne2 g6 11. g4 h5 12. gxh5 Rxh5 13. Ng3 Rh8 14. h4 Kd7 15. Kf2
Kc7 16. h5 gxh5 17. Rxh5 Rxh5 18. Nxh5 Be7 19. Be3 Qh8 20. Ng3 Bd7 21. a3 Qh3
22. Qh1 Rh8 23. Qxh3 Rxh3 24. Rh1 Rxh1 25. Nxh1 Nc4 26. Bxc4 dxc4 27. Ng3 f6
28. Ne4 fxe5 29. fxe5 b5 30. Ke2 b4 31. axb4 Nxb4 32. Nc3 Nd5 33. Nxd5+ exd5
34. Bd2 a4 35. Nh2 Bf5 36. Kf3 Kc6 37. Kf4 Bd3 38. Ng4 Kd7 39. Ne3 Ke6 40. Nd1
Bf8 41. Kg5 Be7+ 42. Kf4 1/2-1/2

[Event "Quebec op"]
[Site "Montreal CAN"]
[Date "2001.07.21"]
[Round "1"]
[White "Lawson, Eric"]
[Black "Trottier, Yves"]
[Result "1-0"]
[WhiteElo "2122"]
[BlackElo "2009"]
[PlyCount "59"]
[EventDate "2001.07.21"]
[EventType "swiss"]
[EventRounds "9"]
[EventCountry "CAN"]

1. e4 e5 2. d4 exd4 3. Qxd4 Nc6 4. Qe3 Bb4+ 5. Nc3 d6 6. Bd2 Be6 7. O-O-O Qd7
8. Bb5 a6 9. Bf1 Nge7 10. a3 Bc5 11. Qg3 O-O-O 12. f4 f5 13. Qxg7 Rdg8 14. Qf6
fxe4 15. Nxe4 Bd4 16. Qh4 Bg4 17. Nf3 Nf5 18. Qe1 Re8 19. Bc3 Bxf3 20. gxf3 d5
21. Bh3 Be3+ 22. Qxe3 Nxe3 23. Bxd7+ Kxd7 24. Nf6+ Kc8 25. Nxe8 Rxe8 26. Rde1
d4 27. Bd2 Rf8 28. Bxe3 dxe3 29. Rxe3 Rxf4 30. Rd1 1-0

[Event "Quebec op"]
[Site "Montreal CAN"]
[Date "2001.07.22"]
[Round "2"]
[White "Beaulieu, Eric"]
[Black "Lawson, Eric"]
[Result "1-0"]
[WhiteElo "2218"]
[BlackElo "2122"]
[PlyCount "107"]
[EventDate "2001.07.21"]
[EventType "swiss"]
[EventRounds "9"]
[EventCountry "CAN"]

1. d4 Nf6 2. c4 c5 3. e3 cxd4 4. exd4 g6 5. Nf3 Bg7 6. Be2 O-O 7. O-O b6 8. Nc3
Bb7 9. d5 d6 10. h3 h6 11. Be3 Nbd7 12. b4 a6 13. Qb3 Rc8 14. a4 Qc7 15. Rab1
Rfd8 16. Rfc1 Ba8 17. c5 bxc5 18. Bxa6 Rb8 19. Bb5 Nb6 20. Bc6 Bxc6 21. dxc6
Qxc6 22. a5 Nbd5 23. b5 Qa8 24. Nxd5 Nxd5 25. Bd2 e6 26. b6 Qb7 27. Qa4 Ra8 28.
Qh4 g5 29. Qe4 Rdb8 30. Qd3 Qa6 31. Qe4 Qb7 32. Qd3 f5 33. Qb5 Bf6 34. Nh2 Kf7
35. Nf1 Nf4 36. Ne3 Bd4 37. Qf1 Qa6 38. Nc4 Ke7 39. g3 Nd5 40. Qe2 Nf6 41. Qf3
Ne4 42. Be1 d5 43. Na3 c4 44. Nb5 Be5 45. Nc7 Bxc7 46. bxc7 Rb7 47. Qh5 Rxc7
48. Rb6 Qc8 49. Bb4+ Kf6 50. Qxh6+ Ke5 51. f3 Nxg3 52. Bd6+ Kd4 53. Qf6+ Ke3
54. Qc3+ 1-0

[Event "Quebec op"]
[Site "Montreal CAN"]
[Date "2001.07.24"]
[Round "5"]
[White "Lawson, Eric"]
[Black "Plante, Michel"]
[Result "1-0"]
[WhiteElo "2122"]
[BlackElo "1975"]
[PlyCount "103"]
[EventDate "2001.07.21"]
[EventType "swiss"]
[EventRounds "9"]
[EventCountry "CAN"]

1. e4 e5 2. Nf3 d6 3. Bc4 Be7 4. d3 Nf6 5. c3 c6 6. Bb3 Qc7 7. O-O O-O 8. Re1
Bg4 9. h3 Bh5 10. Nbd2 Nbd7 11. Nf1 Rad8 12. g4 Bg6 13. Ng3 Nc5 14. Bc2 d5 15.
Qe2 dxe4 16. dxe4 Rfe8 17. Nf5 Bf8 18. Bg5 Ne6 19. Bxf6 gxf6 20. h4 Nf4 21. Qf1
Bxf5 22. exf5 a5 23. Re4 Bc5 24. b4 axb4 25. cxb4 Ba7 26. Kh2 Kh8 27. Kg3 Rg8
28. g5 Rg7 29. Qh1 Rdg8 30. Qh2 Bb8 31. Rh1 Qe7 32. h5 Qd7 33. h6 Rxg5+ 34.
Nxg5 Qxf5 35. Kf3 Rxg5 36. Qxf4 Qxf4+ 37. Rxf4 exf4 38. Re1 Re5 39. Rd1 Rd5 40.
Rxd5 cxd5 41. Kg4 Kg8 42. f3 d4 43. Kf5 Bd6 44. b5 Bf8 45. Ke4 Bxh6 46. Kxd4
Bf8 47. b6 h5 48. a4 Bb4 49. Kc4 Ba5 50. Kb5 Bc3 51. a5 Kf8 52. Be4 1-0

[Event "Quebec op"]
[Site "Montreal CAN"]
[Date "2001.07.25"]
[Round "6"]
[White "Grondin, Jean-Philippe"]
[Black "Lawson, Eric"]
[Result "1/2-1/2"]
[WhiteElo "2217"]
[BlackElo "2122"]
[PlyCount "94"]
[EventDate "2001.07.21"]
[EventType "swiss"]
[EventRounds "9"]
[EventCountry "CAN"]

1. e4 c5 2. Nf3 Nc6 3. d4 cxd4 4. Nxd4 e5 5. Nb5 d6 6. N1c3 a6 7. Na3 b5 8. Nd5
Nge7 9. Bg5 h6 10. Qh5 Be6 11. Bd3 Rb8 12. O-O Qd7 13. Bxe7 Nxe7 14. Nxe7 Bxe7
15. Qe2 O-O 16. c4 bxc4 17. Bxc4 Rb4 18. b3 d5 19. exd5 Bxd5 20. Rfd1 Bxc4 21.
Nxc4 Qb5 22. Rac1 Bf6 23. Qe4 a5 24. Rd5 Qa6 25. Rcd1 a4 26. Rd6 Qa8 27. Qxa8
Rxa8 28. Nb6 axb3 29. Nxa8 bxa2 30. Ra6 Rb1 31. Rf1 Rb7 32. Nb6 e4 33. Nd5 Bd4
34. Nb4 Rxb4 35. Rxa2 Kh7 36. g3 f5 37. Kg2 Rb2 38. Rxb2 Bxb2 39. Rb1 Bf6 40.
Rb5 Kg6 41. h4 Bd4 42. Rd5 Bc3 43. Kf1 Kf6 44. Ke2 Be5 45. Ke3 h5 46. Rb5 g6
47. Rb6+ Kg7 1/2-1/2

[Event "Quebec op"]
[Site "Montreal CAN"]
[Date "2001.07.26"]
[Round "7"]
[White "Lawson, Eric"]
[Black "Vaingorten, Yaaqov"]
[Result "1/2-1/2"]
[WhiteElo "2122"]
[BlackElo "2321"]
[PlyCount "112"]
[EventDate "2001.07.21"]
[EventType "swiss"]
[EventRounds "9"]
[EventCountry "CAN"]

1. e4 e6 2. d4 d5 3. Nd2 c5 4. exd5 Qxd5 5. Ngf3 cxd4 6. Bc4 Qd6 7. O-O Nf6 8.
Nb3 Nc6 9. Nbxd4 Nxd4 10. Nxd4 a6 11. Re1 Qc7 12. Bb3 Bd6 13. Nf5 Bxh2+ 14. Kh1
O-O 15. Nxg7 Rd8 16. Qf3 Kxg7 17. Bh6+ Kg6 18. c3 Nh5 19. Bc1 Bf4 20. g4 Ng3+
21. fxg3 Bxc1 22. Raxc1 b6 23. Qe3 Bb7+ 24. Kg1 Rd2 25. Bxe6 h6 26. Bf5+ Kg7
27. Qe5+ Qxe5 28. Rxe5 Rxb2 29. Rc2 Rxc2 30. Bxc2 Rc8 31. Bb3 Rc7 32. Kh2 Bf3
33. Kh3 Rc5 34. Rxc5 bxc5 35. Kh4 f6 36. Be6 a5 37. Kh5 Be4 38. Bf5 Bd5 39. a3
Bf7+ 40. Kh4 Kf8 41. Kh3 Ke7 42. Kg2 Kd6 43. Kf3 Ke5 44. Bc8 Bb3 45. Ke3 Kd5
46. Kd3 Bc4+ 47. Kd2 Bb5 48. Bf5 Ke5 49. Bc8 Bc6 50. Ke3 Be4 51. Ba6 f5 52.
gxf5 Bxf5 53. Be2 Be4 54. Bc4 Bc6 55. Bd3 Ba4 56. Ba6 Bd1 1/2-1/2

[Event "Quebec op"]
[Site "Montreal CAN"]
[Date "2001.07.27"]
[Round "8"]
[White "Chu, Stefanie"]
[Black "Lawson, Eric"]
[Result "0-1"]
[WhiteElo "1971"]
[BlackElo "2122"]
[PlyCount "92"]
[EventDate "2001.07.21"]
[EventType "swiss"]
[EventRounds "9"]
[EventCountry "CAN"]

1. e4 c5 2. Nf3 Nc6 3. Bb5 g6 4. O-O Bg7 5. c3 Nf6 6. Re1 O-O 7. d4 d5 8. e5
Ne4 9. Nbd2 cxd4 10. cxd4 Nxd2 11. Qxd2 Qb6 12. Bxc6 bxc6 13. h3 c5 14. b3 cxd4
15. Nxd4 a5 16. Ba3 Re8 17. Rac1 Bd7 18. Bc5 Qa6 19. Qg5 h6 20. Qg3 a4 21. b4
e6 22. Rc2 Bb5 23. Re3 Rec8 24. Qf4 Bc4 25. Rf3 Qb7 26. a3 Rc7 27. Bd6 Rd7 28.
Bc5 Rc8 29. h4 Kh8 30. Rfc3 Qb8 31. Re3 f6 32. Nxe6 fxe5 33. Qg4 d4 34. Rxc4
dxe3 35. fxe3 Qb5 36. Nxg7 Kxg7 37. Qe6 Re8 38. Qg4 h5 39. Qe4 Qb7 40. Qc2 Qa6
41. b5 Qxb5 42. Rxa4 Rc8 43. Rc4 Kh7 44. a4 Qa6 45. Kh2 Rdc7 46. g3 Qa5 0-1

[Event "Quebec op"]
[Site "Montreal CAN"]
[Date "2001.07.28"]
[Round "9"]
[White "Gaspariants, Vladimir"]
[Black "Lawson, Eric"]
[Result "1/2-1/2"]
[WhiteElo "2239"]
[BlackElo "2122"]
[PlyCount "108"]
[EventDate "2001.07.21"]
[EventType "swiss"]
[EventRounds "9"]
[EventCountry "CAN"]

1. e4 c5 2. Nf3 Nc6 3. d3 g6 4. g3 Bg7 5. Bg2 b5 6. O-O Bb7 7. Re1 d6 8. c3 e5
9. a4 b4 10. Be3 Nf6 11. h3 O-O 12. Nbd2 Re8 13. Nh2 Rb8 14. Ng4 Nxg4 15. hxg4
Ba6 16. Nc4 bxc3 17. bxc3 Na5 18. Bf1 Re7 19. Rb1 Reb7 20. Rxb7 Rxb7 21. Qc2
Nxc4 22. dxc4 Qb8 23. Bc1 Rb3 24. Rd1 Bf8 25. f4 Bc8 26. Be2 Be6 27. fxe5 dxe5
28. Bg5 Rb2 29. Qd3 h6 30. Bf6 g5 31. Kf1 Kh7 32. Qd8 Bg7 33. Be7 Qb3 34. Rd2
Rxd2 35. Qxd2 Qb1+ 36. Kf2 Qh1 37. Qe3 Qh2+ 38. Ke1 Qh1+ 39. Kf2 Qh2+ 40. Ke1
Qh1+ 41. Kd2 Qa1 42. Qd3 Qxa4 43. Bxc5 a5 44. Bd4 h5 45. gxh5 g4 46. Bc5 Bh6+
47. Be3 Qa2+ 48. Ke1 Bxc4 49. Qxc4 Qxc4 50. Bxc4 Bxe3 51. Bxf7 a4 52. Ke2 Bc5
53. Kd3 a3 54. Ke2 Kg7 1/2-1/2

[Event "CAN-op"]
[Site "Sackville CAN"]
[Date "2001.07.07"]
[Round "1"]
[White "Drummond, Carlos"]
[Black "Lawson, Eric"]
[Result "0-1"]
[WhiteElo "1829"]
[BlackElo "2065"]
[PlyCount "78"]
[EventDate "2001.07.07"]
[EventType "swiss"]
[EventRounds "10"]
[EventCountry "CAN"]

1. d4 Nf6 2. c4 e6 3. Nf3 b6 4. a3 Bb7 5. Nc3 d5 6. cxd5 exd5 7. Bf4 Be7 8. e3
O-O 9. Bd3 c5 10. Rc1 c4 11. Bb1 a6 12. O-O b5 13. Ne5 Nc6 14. Qf3 Re8 15. Rfd1
b4 16. axb4 Bxb4 17. Bg5 Bxc3 18. Nxc6 Bxc6 19. Rxc3 Qd6 20. Bxf6 Qxf6 21. Qxf6
gxf6 22. b3 Bb5 23. bxc4 Bxc4 24. Bf5 Reb8 25. Rd2 a5 26. g3 a4 27. Bd3 a3 28.
Bxc4 dxc4 29. Ra2 Rb3 30. Rxc4 Rb2 31. Ra1 a2 32. Rcc1 Rab8 33. Kg2 Rb1 34. d5
Rxc1 35. Rxc1 Rb1 36. Rc8+ Kg7 37. d6 a1=Q 38. d7 Rg1+ 39. Kh3 Qd1 0-1

[Event "CAN-op"]
[Site "Sackville CAN"]
[Date "2001.07.08"]
[Round "2"]
[White "Lawson, Eric"]
[Black "Lipnowski, Irwin"]
[Result "1/2-1/2"]
[WhiteElo "2074"]
[BlackElo "2341"]
[PlyCount "55"]
[EventDate "2001.07.07"]
[EventType "swiss"]
[EventRounds "10"]
[EventCountry "CAN"]

1. e4 c5 2. Nc3 Nc6 3. f4 g6 4. Nf3 Bg7 5. Bc4 e6 6. d3 Nge7 7. Bb3 O-O 8. O-O
d6 9. Qe1 Na5 10. Bd2 Nxb3 11. axb3 Nc6 12. Qg3 f5 13. Kh1 Kh8 14. Rae1 Nd4 15.
Nxd4 cxd4 16. Ne2 Bd7 17. c3 dxc3 18. bxc3 Qb6 19. Qe3 Qxe3 20. Bxe3 e5 21.
fxe5 dxe5 22. exf5 Bxf5 23. d4 Bd3 24. Rxf8+ Rxf8 25. Kg1 Rc8 26. dxe5 Bxe5 27.
Bxa7 Bxe2 28. Rxe2 1/2-1/2

[Event "CAN-op"]
[Site "Sackville CAN"]
[Date "2001.07.10"]
[Round "5"]
[White "Lipnowski, Michael"]
[Black "Lawson, Eric"]
[Result "0-1"]
[WhiteElo "1794"]
[BlackElo "2065"]
[PlyCount "80"]
[EventDate "2001.07.07"]
[EventType "swiss"]
[EventRounds "10"]
[EventCountry "CAN"]

1. d4 Nf6 2. c4 c5 3. d5 b5 4. cxb5 a6 5. b6 Qxb6 6. Nc3 g6 7. e4 d6 8. Nf3 Bg4
9. Bd3 Nbd7 10. O-O Bg7 11. Re1 O-O 12. h3 Bxf3 13. Qxf3 Ne5 14. Qe2 Nxd3 15.
Qxd3 Nd7 16. Qc2 Rfb8 17. b3 Qb4 18. Bd2 c4 19. Rab1 cxb3 20. Rxb3 Qc4 21. Qb1
a5 22. Nb5 a4 23. Rb4 Qc8 24. Rc1 Nc5 25. Be3 Bf8 26. e5 Ra5 27. Na7 Rxb4 28.
Nxc8 Rxb1 29. Rxb1 dxe5 30. Rb8 Kg7 31. Bg5 Nd7 32. Rb7 Nf6 33. Nxe7 Bxe7 34.
Rxe7 Rxd5 35. Ra7 Rd1+ 36. Kh2 Rd4 37. Ra6 Nd5 38. Rd6 h6 39. Be3 Nxe3 40. fxe3
Rxd6 0-1

[Event "CAN-op"]
[Site "Sackville CAN"]
[Date "2001.07.11"]
[Round "6"]
[White "Lawson, Eric"]
[Black "Goldenberg, Danny"]
[Result "1/2-1/2"]
[WhiteElo "2065"]
[BlackElo "2322"]
[PlyCount "96"]
[EventDate "2001.07.07"]
[EventType "swiss"]
[EventRounds "10"]
[EventCountry "CAN"]

1. e4 g6 2. d4 Bg7 3. c3 c6 4. Bd3 d6 5. Ne2 h5 6. O-O Nh6 7. f3 Qb6 8. Kh1 Nd7
9. Na3 Nf8 10. Be3 Qc7 11. Nc2 e5 12. Bg1 Ne6 13. Bc4 O-O 14. Ne3 Nf4 15. Nxf4
exf4 16. Nc2 Kh7 17. Qd2 f5 18. d5 c5 19. Qxf4 Be5 20. Qh4 f4 21. Rfc1 Qg7 22.
Bf1 Bd7 23. Ne1 g5 24. Qf2 g4 25. Rab1 b6 26. Nd3 Nf7 27. Qh4 Kg6 28. Qe7 Rad8
29. Nxe5+ Qxe5 30. Qxe5 Nxe5 31. Be2 Kg5 32. Bf2 h4 33. b4 Rb8 34. c4 h3 35.
Rc3 hxg2+ 36. Kxg2 gxf3+ 37. Bxf3 Nxf3 38. Rxf3 cxb4 39. Rxb4 Rbe8 40. Ra3 Rxe4
41. Rxa7 f3+ 42. Kg1 Rf7 43. Rxb6 Rg4+ 44. Kf1 Rxc4 45. Be3+ Kh4 46. Rxd6 Bh3+
47. Ke1 Rc1+ 48. Kd2 Rxa7 1/2-1/2

[Event "CAN-op"]
[Site "Sackville CAN"]
[Date "2001.07.12"]
[Round "7"]
[White "Golts, Roman"]
[Black "Lawson, Eric"]
[Result "1-0"]
[WhiteElo "2290"]
[BlackElo "2070"]
[PlyCount "87"]
[EventDate "2001.07.07"]
[EventType "swiss"]
[EventRounds "10"]
[EventCountry "CAN"]

1. e4 c5 2. Nf3 Nc6 3. d4 cxd4 4. Nxd4 Nf6 5. Nc3 e5 6. Ndb5 d6 7. Bg5 a6 8.
Na3 b5 9. Nd5 Be7 10. Bxf6 Bxf6 11. c3 O-O 12. Nc2 Bg5 13. a4 bxa4 14. Rxa4 a5
15. b4 Bd7 16. b5 Ne7 17. Nce3 g6 18. Bc4 Be6 19. O-O Nc8 20. Qe2 Kh8 21. Kh1
f5 22. f4 exf4 23. Nxf4 Bxc4 24. Nxc4 Re8 25. Nd2 Nb6 26. Rd4 Bf6 27. Qd3 Bxd4
28. Qxd4+ Kg8 29. exf5 gxf5 30. Nh5 Re5 31. Nf3 Qc7 32. Nxe5 dxe5 33. Qh4 f4
34. Qg5+ Kh8 35. Qf6+ Kg8 36. Qe6+ Kh8 37. Rd1 a4 38. Qf6+ Kg8 39. Qg5+ Kh8 40.
Rd7 Qxd7 41. Qxe5+ Kg8 42. Nf6+ Kf8 43. Nxd7+ Nxd7 44. Qh8+ 1-0

[Event "CAN-op"]
[Site "Sackville CAN"]
[Date "2001.07.13"]
[Round "8"]
[White "Lawson, Eric"]
[Black "Arseneau, Peter"]
[Result "1-0"]
[WhiteElo "2070"]
[BlackElo "1850"]
[PlyCount "55"]
[EventDate "2001.07.07"]
[EventType "swiss"]
[EventRounds "10"]
[EventCountry "CAN"]

1. e4 e6 2. d4 d5 3. Nd2 Nf6 4. e5 Nfd7 5. f4 c5 6. c3 Nc6 7. Ndf3 Qb6 8. h4
cxd4 9. cxd4 Bb4+ 10. Kf2 f6 11. Kg3 O-O 12. Bd3 Qc7 13. Nh3 Rf7 14. Be3 Nf8
15. a3 Be7 16. b4 a6 17. Qc2 b5 18. Rh2 Bd7 19. Rah1 Rc8 20. Nhg5 fxg5 21.
Bxh7+ Nxh7 22. hxg5 g6 23. Qxg6+ Rg7 24. Qxg7+ Kxg7 25. Rxh7+ Kf8 26. Rh8+ Kf7
27. R1h7+ Kg6 28. Nh4# 1-0

[Event "CAN-op"]
[Site "Sackville CAN"]
[Date "2001.07.14"]
[Round "9"]
[White "Hill, Roderick"]
[Black "Lawson, Eric"]
[Result "1/2-1/2"]
[WhiteElo "1799"]
[BlackElo "2074"]
[PlyCount "109"]
[EventDate "2001.07.07"]
[EventType "swiss"]
[EventRounds "10"]
[EventCountry "CAN"]

1. e4 c5 2. c3 Nf6 3. e5 Nd5 4. d4 cxd4 5. Nf3 e6 6. cxd4 d6 7. Nc3 Nxc3 8.
bxc3 Qc7 9. Bb2 Bd7 10. Bd3 Bc6 11. exd6 Bxd6 12. h3 Nd7 13. O-O h6 14. c4
O-O-O 15. Rc1 Kb8 16. d5 Nc5 17. Nd4 exd5 18. Nxc6+ Qxc6 19. cxd5 Qxd5 20. Bc4
Qg5 21. Qf3 f6 22. Rfd1 Qf4 23. Qxf4 Bxf4 24. Rxd8+ Rxd8 25. Re1 Kc7 26. g3 Bd6
27. Kg2 a6 28. Bf1 b5 29. g4 Bf8 30. Bc3 Kb6 31. h4 a5 32. Rb1 b4 33. a3 Na4
34. Be1 Rd4 35. Kh3 Bc5 36. f3 Kc6 37. axb4 axb4 38. Kg3 Nc3 39. Rc1 Rd1 40.
Rxd1 Nxd1 41. f4 Ne3 42. Bd3 b3 43. h5 Nc2 44. Bc3 Bd4 45. Bd2 Kc5 46. g5 hxg5
47. fxg5 fxg5 48. Bxg5 Be5+ 49. Kf3 Kd4 50. Ke2 Kc3 51. Bd2+ Kb2 52. h6 gxh6
53. Bxh6 Kb1 54. Kd1 Bc3 55. Bc1 1/2-1/2

[Event "Quebec-ch 1/8 final"]
[Site "Shawinigan CAN"]
[Date "2001.06.01"]
[Round "1"]
[White "Cloutier, Mario"]
[Black "Lawson, Eric"]
[Result "0-1"]
[WhiteElo "1878"]
[BlackElo "2144"]
[PlyCount "80"]
[EventDate "2001.06.01"]
[EventType "swiss"]
[EventRounds "5"]
[EventCountry "CAN"]

1. e4 c5 2. c3 Nf6 3. e5 Nd5 4. d4 cxd4 5. Nf3 e6 6. cxd4 d6 7. Nc3 Nxc3 8.
bxc3 Qc7 9. Bd2 Be7 10. Bd3 Bd7 11. O-O Bc6 12. Re1 Nd7 13. exd6 Bxd6 14. h3 h6
15. c4 O-O-O 16. Qe2 g5 17. Rec1 Nf6 18. Ne5 Bxe5 19. dxe5 Nd7 20. Bc3 Nc5 21.
Bc2 b6 22. a4 a5 23. Qe3 Ba8 24. Rab1 Qc6 25. f3 h5 26. Bd4 g4 27. Rxb6 Qxb6
28. Bxc5 Qa6 29. Bb6 Rd7 30. Qc5+ Kb8 31. Rb1 Bb7 32. Rb5 Rc8 33. Qe3 Rxc4 34.
Rxa5 Qxa5 35. Bxa5 Rxc2 36. hxg4 hxg4 37. fxg4 Rd1+ 38. Be1 Rxg2+ 39. Kf1 Rh2
40. Qb6 Rh1+ 0-1

[Event "Quebec-ch 1/8 final"]
[Site "Shawinigan CAN"]
[Date "2001.06.02"]
[Round "2"]
[White "Lawson, Eric"]
[Black "Bolduc, Steve"]
[Result "0-1"]
[WhiteElo "2144"]
[BlackElo "2205"]
[PlyCount "110"]
[EventDate "2001.06.01"]
[EventType "swiss"]
[EventRounds "5"]
[EventCountry "CAN"]

1. e4 c6 2. d4 d5 3. exd5 cxd5 4. c4 Nf6 5. Nc3 g6 6. cxd5 Bg7 7. Bb5+ Nbd7 8.
d6 O-O 9. dxe7 Qxe7+ 10. Nge2 a6 11. Bd3 b5 12. a3 Bb7 13. f3 Ng4 14. fxg4 Bxg2
15. Rg1 Qh4+ 16. Kd2 Qxh2 17. Rxg2 Qxg2 18. Be4 Qxg4 19. Bxa8 Rxa8 20. Kc2 Rd8
21. Bd2 Nb6 22. Bf4 Bxd4 23. Nxd4 Qxf4 24. Nce2 Rc8+ 25. Kb1 Qe5 26. Ka2 h5 27.
Qg1 Qd5+ 28. Nb3 Nc4 29. Nc3 Qf3 30. Re1 b4 31. axb4 Qb7 32. b5 axb5 33. Ne4
Qa6+ 34. Kb1 f5 35. Nec5 Qf6 36. Qg2 Rc6 37. Nd7 Qd6 38. Ndc5 Qf6 39. Re8+ Kh7
40. Nd7 Qd6 41. Qe2 Kh6 42. Re7 Rc7 43. Nbc5 Rxc5 44. Nxc5 Qxc5 45. b3 Qb4 46.
Kc2 Na3+ 47. Kb2 Nc4+ 48. Kc2 Na3+ 49. Kb2 f4 50. Re6 Nc4+ 51. Kc2 Ne3+ 52. Kb2
Qd4+ 53. Ka2 Nd5 54. Qg2 Nc3+ 55. Ka1 Qa7+ 0-1

[Event "Quebec-ch 1/8 final"]
[Site "Shawinigan CAN"]
[Date "2001.06.02"]
[Round "3"]
[White "Bannon, Eric"]
[Black "Lawson, Eric"]
[Result "1-0"]
[WhiteElo "2062"]
[BlackElo "2144"]
[PlyCount "139"]
[EventDate "2001.06.01"]
[EventType "swiss"]
[EventRounds "5"]
[EventCountry "CAN"]

1. e4 c5 2. Nf3 Nc6 3. d4 cxd4 4. Nxd4 e5 5. Nf3 Nf6 6. Nc3 Bb4 7. Bc4 O-O 8.
O-O d6 9. Bg5 Ne7 10. Bxf6 gxf6 11. Nd5 Nxd5 12. Bxd5 f5 13. Qd3 f4 14. Rad1
Kh8 15. Qb3 Bc5 16. Bxf7 Qe7 17. Bd5 Bg4 18. Rd3 Rab8 19. Kh1 Rf6 20. Qc3 Rh6
21. b4 Bb6 22. a4 a6 23. Qd2 Rf8 24. a5 Ba7 25. Rb1 Rh5 26. b5 Bc5 27. bxa6
bxa6 28. Rb7 Qf6 29. Kg1 Qh6 30. h3 Bxh3 31. gxh3 Rxh3 32. Kf1 Qh5 33. Qc3 Be3
34. Qc7 Qg6 35. Rb8 Rxb8 36. Qxb8+ Kg7 37. Qg8+ Kh6 38. Qxg6+ hxg6 39. Ng1 Rh1
40. fxe3 f3 41. Bb3 g5 42. Rxd6+ Kh5 43. Kf2 g4 44. Nxf3 gxf3 45. Kxf3 Ra1 46.
Rxa6 Kg5 47. Ke2 Ra3 48. Kd3 Kg4 49. Ra8 Kg3 50. a6 Kf2 51. Kc3 Kxe3 52. Kb4
Ra1 53. Ba4 Rb1+ 54. Ka5 Rg1 55. Rb8 Rg7 56. Rb7 Rg8 57. a7 Ra8 58. Rd7 Rc8 59.
Bc6 Rxc6 60. a8=Q Rc5+ 61. Kb4 Rxc2 62. Qa7+ Kxe4 63. Qb7+ Ke3 64. Kb3 Re2 65.
Rh7 e4 66. Rh3+ Kf2 67. Rh2+ Kf1 68. Rxe2 Kxe2 69. Qxe4+ Kd2 70. Qg2+ 1-0

[Event "Quebec-ch 1/8 final"]
[Site "Shawinigan CAN"]
[Date "2001.06.03"]
[Round "4"]
[White "Lawson, Eric"]
[Black "Trottier, Julie"]
[Result "1-0"]
[WhiteElo "2144"]
[BlackElo "1979"]
[PlyCount "63"]
[EventDate "2001.06.01"]
[EventType "swiss"]
[EventRounds "5"]
[EventCountry "CAN"]

1. e4 c5 2. Nf3 e6 3. d4 cxd4 4. Nxd4 Nf6 5. Nc3 Bb4 6. e5 Nd5 7. Bd2 Nxc3 8.
bxc3 Be7 9. Qg4 O-O 10. Bh6 g6 11. h4 Nc6 12. Nxc6 bxc6 13. h5 f5 14. Qg3 g5
15. f4 g4 16. Bxf8 Kxf8 17. h6 Qa5 18. Be2 d6 19. exd6 Bf6 20. Kd2 Qd5+ 21. Qd3
Qxg2 22. Rab1 Qd5 23. Qxd5 cxd5 24. Bb5 Bb7 25. Bd7 Ba6 26. Bxe6 Rd8 27. d7 d4
28. c4 Ke7 29. Rhe1 Kd6 30. Kd3 Bh4 31. Re5 Bg3 32. Bxf5 1-0

[Event "Quebec-ch 1/8 final"]
[Site "Shawinigan CAN"]
[Date "2001.06.03"]
[Round "5"]
[White "Fillion, Steve"]
[Black "Lawson, Eric"]
[Result "1/2-1/2"]
[WhiteElo "2099"]
[BlackElo "2144"]
[PlyCount "114"]
[EventDate "2001.06.01"]
[EventType "swiss"]
[EventRounds "5"]
[EventCountry "CAN"]

1. e4 c5 2. Nc3 Nc6 3. g3 g6 4. Bg2 Bg7 5. d3 a6 6. Be3 d6 7. f4 Rb8 8. Nf3 Nd4
9. O-O e6 10. Qd2 Ne7 11. Nd1 f5 12. Ng5 h6 13. Nh3 Nec6 14. a4 Ne7 15. Ra3 b5
16. axb5 axb5 17. c3 b4 18. Ra2 b3 19. Ra1 Nc2 20. Rb1 Nxe3 21. Nxe3 O-O 22.
Ra1 Bd7 23. Ra3 Qc7 24. Rfa1 Bc6 25. Qd1 d5 26. Rxb3 fxe4 27. dxe4 Rxb3 28.
Qxb3 c4 29. Qc2 Qb6 30. Qf2 Rb8 31. Nd1 d4 32. e5 Bxg2 33. Kxg2 Nf5 34. Qe2
Ne3+ 35. Kg1 Nxd1 36. Qxd1 dxc3+ 37. Nf2 cxb2 38. Rb1 Bf8 39. Qc2 Bc5 40. Qxg6+
Kf8 41. Qf6+ Ke8 42. Rxb2 Qxb2 43. Qxe6+ Be7 44. Qc6+ Kd8 45. Qd5+ Kc7 46.
Qxc4+ Kb6 47. Qe6+ Ka5 48. Qxe7 Qb1+ 49. Kg2 Rb2 50. Qa7+ Kb4 51. Qb6+ Kc4 52.
Qc6+ Kd4 53. Qd6+ Ke3 54. Qc5+ Ke2 55. Qc4+ Ke3 56. Qc3+ Ke2 57. Qc4+ Ke3
1/2-1/2

[Event "Quebec-ch U20"]
[Site "Montreal CAN"]
[Date "2001.05.04"]
[Round "1"]
[White "Lawson, Eric"]
[Black "Audet-Bouchard, Nicolas"]
[Result "1-0"]
[WhiteElo "2075"]
[BlackElo "2060"]
[PlyCount "73"]
[EventDate "2001.05.04"]
[EventType "tourn"]
[EventRounds "5"]
[EventCountry "CAN"]

1. e4 c5 2. Nf3 Nc6 3. Bb5 g6 4. Bxc6 bxc6 5. O-O Bg7 6. Re1 Nh6 7. c3 f6 8. d4
cxd4 9. cxd4 d6 10. h3 O-O 11. Nc3 Nf7 12. b3 Qc7 13. Bb2 e5 14. Rc1 Qb7 15.
Qc2 Be6 16. Na4 Rac8 17. Ba3 Rfd8 18. Rcd1 Rc7 19. Re3 Bc8 20. Red3 Rcd7 21.
Bb2 Bf8 22. Rc3 Rc7 23. Nh2 f5 24. dxe5 Nxe5 25. f4 Nf7 26. Rg3 Nh6 27. h4 fxe4
28. Qxe4 Bf5 29. Qf3 Bg7 30. Ba3 Rcd7 31. h5 d5 32. Nf1 Qc7 33. Nc5 Rf7 34. Ne3
Be4 35. Nxe4 Rxf4 36. Bd6 Qf7 37. Qxf4 1-0

[Event "Quebec-ch U20"]
[Site "Montreal CAN"]
[Date "2001.05.05"]
[Round "2"]
[White "Masse, Hugues"]
[Black "Lawson, Eric"]
[Result "1/2-1/2"]
[WhiteElo "2210"]
[BlackElo "2075"]
[PlyCount "74"]
[EventDate "2001.05.04"]
[EventType "tourn"]
[EventRounds "5"]
[EventCountry "CAN"]

1. e4 c5 2. f4 d5 3. exd5 Nf6 4. Bb5+ Bd7 5. Bxd7+ Qxd7 6. c4 e6 7. Qe2 Bd6 8.
d3 O-O 9. dxe6 fxe6 10. Nf3 Nc6 11. O-O Rae8 12. Nc3 e5 13. f5 Qxf5 14. Ne4
Nxe4 15. Qxe4 Qxe4 16. dxe4 Nd4 17. Rf2 Re7 18. Be3 Ref7 19. Raf1 h6 20. b3 Rf6
21. Bd2 Be7 22. Bc3 Rf4 23. Nd2 Bg5 24. Rxf4 Bxf4 25. Kh1 Bxd2 26. Rxf8+ Kxf8
27. Bxd2 Ke7 28. Kg1 Kd6 29. Kf2 a6 30. Ke3 b5 31. cxb5 axb5 32. Kd3 Ne6 33.
Kc3 Nc7 34. Be1 Ne8 35. Kd3 b4 36. Bf2 Kc6 37. Bg3 Kd6 1/2-1/2